000
00281nam a2200109Ia 4500
008
190906s9999||||xx |||||||||||||| ||und||
100
_a
Tocci, Ambrosio
245
0
_a
Microprocessors And Microcomputers
260
_a
New York
_b
Prentice Hall Inc.
_c
1997
300
_a
565
942
_c
BK
999
_c
5982
_d
5982